| 000 | 01641cam a2200433 4500 | ||
|---|---|---|---|
| 001 | 14044 | ||
| 003 | http://catalogue.bnf.fr/ark:/12148/cb486587057 | ||
| 005 | 20260326101543.0 | ||
| 010 |
_a9791094828946 _d8 EUR |
||
| 073 | 0 | _a9791094828946 | |
| 090 | _a14044 | ||
| 099 | _o0 | ||
| 100 | _a20251202d2025 m y0frey50 ba | ||
| 101 | 0 | _afre | |
| 102 | _aFR | ||
| 105 | _a||||z 00|a| | ||
| 181 | 0 |
_601 _ai _bxxxe |
|
| 181 |
_602 _ctxt _2rdacontent |
||
| 182 | 0 |
_601 _an |
|
| 182 |
_602 _cn _2rdamedia |
||
| 200 | 1 |
_aEnki dort _bTexte imprimé |
|
| 214 | 0 |
_cKoïnè éditions _dimpr. 2025 |
|
| 214 | 3 | _cImpr. Acort Europe | |
| 214 | 0 | _a[Bagnolet] | |
| 214 | 3 | _a91-Les Ulis | |
| 215 | _a1 vol. (44 p.) | ||
| 215 |
_cill. _d18 cm |
||
| 225 | _aDans l'atelier de | ||
| 323 | _aindéfini | ||
| 330 | _aEnki a l idée de fabriquer un moule pour façonner une créature avec de l'argile. La déesse Ninmah l y aidera en lui donnant vie. Cette invention, appelée « l'Homme », est acceptée par les dieux qui fêteront l'événement au cours d'un grand banquet. Dans cette histoire Marie-Pierre Cattino propose de compléter le texte au libre choix du lecteur. | ||
| 410 | 0 | _048725276 | |
| 410 | 0 |
_tDans l'atelier de... (Bagnolet) _d2025 |
|
| 610 |
_amythe _amythologie _aécriture |
||
| 686 |
_a802 _2Cadre de classement de la Bibliographie nationale française |
||
| 700 |
_aCattino _bMarie-Pierre _f1963-.... |
||
| 700 |
_315070171 _oISNI0000000002659408 _4070 |
||
| 801 | 0 |
_aFR _bFR-751131015 _c20251202 _gAFNOR _hFRBNF486587050000004 |
|
| 856 | 2 |
_u1151687 _bPremière de couverture |
|
| 856 | 2 |
_u1151688 _bQuatrième de couverture |
|